000 00689nam a2200241Ia 4500
003 OSt
005 20221007075942.0
006 a|||||r|||| 00| 0
007 ta
008 221006b |||||||| |||| 00| 0 eng d
020 _a9789386446312
024 _a45,441
037 _cTextual
040 _aFLL
_cFLL
_beng
041 _2eng
_aeng
082 _aZ2,211,145, Q7
100 _aCHOWDHRY Prem Ed.
_9309265
245 0 _aUnderstanding women's land rights
_b Gender discrimination in ownership
260 _aNew Delhi
_bSAGE India
_c2017
300 _axxii,413p.
_ccm.
942 _hZ2,211,145, Q7
_cTEXL
_2CC
999 _c1157924
_d1157924